LIBRARY & INFORMATION CENTRE, KCAET, TAVANUR

ONLINE PUBLIC ACCESS CATALOGUE (OPAC)

Ambapali / (Record no. 5090)

MARC details
000 -LEADER
fixed length control field 00394cam a2200169ua 4500
041 ## - LANGUAGE CODE
Language code of text/sound track or separate title mal
082 ## - DEWEY DECIMAL CLASSIFICATION NUMBER
Classification number 894.8121
Item number PAN/AM
100 ## - MAIN ENTRY--AUTHOR NAME
Personal name Panikkar, K M .
245 ## - TITLE STATEMENT
Title Ambapali /
260 ## - PUBLICATION, DISTRIBUTION, ETC. (IMPRINT)
Place of publication :
Name of publisher Kerala Puthra Publicaiton ,
Year of publication 1956.
300 ## - PHYSICAL DESCRIPTION
Number of Pages 30 ; .
942 ## - ADDED ENTRY ELEMENTS (KOHA)
Koha item type Books
Holdings
Withdrawn status Lost status Damaged status Home library Current library Date acquired Full call number Accession Number Koha item type
Withdrawn     KAUAET Malayalam University 07/04/2012 894.8121 172 Books
free website counter